Englisch = Deutsch (Lebensmittel) - Statistiken

Allgemein
  • Dieses Quiz wurde 577 mal gespielt
    241 seit der letzten Aktualisierung
  • Das Durchschnittsergebnis liegt bei 14 aus 20
Antwortstatistiken
Englisch Deutsch % Korrekt
dinner Abendessen
100%
alcohol Alkohol
100%
pineapple Ananas
100%
pineapple juice Ananassaft
100%
apple pie Apfelkuchen
100%
(to) bake backen
100%
banana Banane
100%
beer Bier
100%
bean Bohne
100%
brown sugar brauner Zucker
100%
broccoli Brokkoli
100%
bread Brot
100%
butter Butter
100%
curry powder Currypulver
100%
ice cream Eiscreme
100%
iced tea Eistee
100%
duck Ente
100%
strawberry Erdbeere
100%
(to) eat essen
100%
pickle /gherkin Essiggurke
100%
fat Fett
100%
fish Fisch
100%
meat Fleisch
100%
fruits Früchte / Obst
100%
spring onion Frühlingszwiebel
100%
breakfast Frühstück
100%
vegetables Gemüse
100%
taste Geschmack
100%
beverages / drinks Getränke
100%
grapefruit Grapefruit /Pampelmuse
100%
(to) grill grillen
100%
blueberry Heidelbeere / Blaubeere
100%
honey Honig
100%
chicken Huhn
100%
coffee Kaffee
100%
cocoa Kakao
100%
potato Kartoffel
100%
cheese Käse
100%
cheesecake Käsekuchen
100%
kiwi fruit Kiwi
100%
garlic Knoblauch
100%
coconut Kokosnuss
100%
salmon Lachs
100%
mango Mango
100%
mayonnaise Mayonnaise
100%
melon Melone
100%
mineral water Mineralwasser
100%
mint Minze
100%
nuts Nüsse
100%
orange Orange
100%
oregano Oregano
100%
pancakes Pfannkuchen
100%
mushroom Pilz
100%
pizza Pizza
100%
pudding Pudding
100%
kidney beans Rote Bohnen
100%
juice Saft
100%
salt Salz
100%
salty salzig
100%
sour sauer
100%
spicy / hot scharf
100%
bacon Schinkenspeck
100%
sirup Sirup
100%
spinach Spinat
100%
sweet süß
100%
tea Tee
100%
tomato Tomate
100%
vanilla Vanille
100%
waffles Waffeln
100%
water Wasser
100%
wine Wein
100%
white bread Weißbrot
100%
white wine Weißwein
100%
sausage Würstchen
100%
cinnamon Zimt
100%
lemon Zitrone
100%
sugar Zucker
100%
eggs Eier
94%
gummy bears Gummibärchen
94%
apple Apfel
92%
buttermilk Buttermilch
92%
chili Chili
92%
kohlrabi Kohlrabi
92%
jam Marmelade
92%
milk Milch
92%
noodles /pasta Nudeln
92%
starfruit Sternfrucht
92%
baking powder Backpulver
91%
raspberry Himbeere
91%
yoghurt Joghurt
91%
liqueur Likör
91%
lemonade /soda Limonade
91%
lunch Mittagessen
91%
rice Reis
91%
spaghetti Spaghetti
91%
soup Suppe
91%
tomato juice Tomatensaft
91%
blue cheese Blauschimmelkäse
90%
food Essen
90%
biscuits /cookies Kekse
90%
coriander Koriander
90%
liver Leber
90%
oil Öl
90%
olive oil Olivenöl
90%
chocolate Schokolade
90%
sweet potato Süßkartoffel
90%
apricot Aprikose
89%
coke Cola
89%
herring Hering
89%
carrot Karotte / Möhre
89%
ketchup Ketchup
89%
garlic bread Knoblauchbrot
89%
pumpkin Kürbis
89%
lamb Lamm
89%
rosemary Rosmarin
89%
sparkling water Sprudel
89%
watermelon Wassermelone
89%
onion Zwiebel
89%
artichoke Artischocke
88%
(to) order food Essen bestellen
88%
hazelnut Haselnuss
88%
caramel Karamell
88%
lasagne Lasagne
88%
peach Pfirsich
88%
red wine Rotwein
88%
chocolate cake Schokoladenkuchen
88%
tea bag Teebeutel
88%
tomato purée Tomatenpüree
88%
vitamins Vitamine
88%
raw roh
87%
salami Salami
87%
anise Anis
86%
berrys Beeren
86%
feta Feta
86%
chocolate mousse Mousse au Chocolat
86%
muesli Müsli
86%
orange juice Orangensaft
86%
parmesan cheese Parmesan
86%
salad /lettuce Salat
86%
walnut Walnuss
86%
olive Olive
85%
baguette Baguette
83%
fish fingers Fischstäbchen
83%
cherry Kirsche
83%
tap water Leitungswasser
83%
red pepper rote Paprika
83%
boiled potatoes Salzkartoffeln
83%
sausage roll Wurstbrötchen
83%
goats cheese Ziegenkäse
83%
fruit juice Fruchtsaft
82%
lobster Hummer
82%
(to) cook kochen
82%
chips Pommes
82%
sauce Soße / Sauce
82%
thyme Thymian
82%
zucchini/courgette Zucchini
82%
cucumber Gurke
81%
apple crumble Apfelstreusel
80%
pear Birne
80%
dill Dill
80%
peanut Erdnuss
80%
fruit tea Früchtetee
80%
main course Hauptgericht / Hauptspeise
80%
ginger Ingwer
80%
cabbage Kohl
80%
flour Mehl
80%
peppermint Pfefferminze
80%
ribs Rippchen
80%
sweets Süßigkeiten
80%
frozen pizza Tiefkühlpizza
80%
iced coffee Eiskaffee
79%
grape Traube
79%
carbohydrates Kohlenhydrate
78%
chilli powder Chilipulver
77%
hummus Hummus
77%
tuna Thunfisch
77%
recipe Rezept
76%
basil Basilikum
75%
roast potatoes Bratkartoffeln
75%
oatmeal Haferflocken
75%
crisps Kartoffelchips
75%
plum Pflaume
75%
beef Rindfleisch
75%
mustard Senf
75%
crab Krabbe
73%
sweetcorn Mais
73%
passion fruit Passionsfrucht
73%
whipped cream Schlagsahne
73%
grape juice Traubensaft
73%
cake Kuchen / Torte
71%
litchi Litschi
71%
mussels Muscheln
71%
turkey Truthahn
71%
starter Vorspeise
71%
parsley Petersilie
70%
pork Schweinefleisch
70%
lemon tart Zitronentorte
70%
papaya Papaya
69%
smoked salmon Räucherlachs
69%
non-alkoholic alkoholfrei
67%
baby foods Babynahrung
67%
vinegar Essig
67%
spices Gewürze
67%
pomegranate Granatapfel
67%
margarine Margarine
67%
fruit salad Obstsalat
67%
rhubarb Rhabarber
67%
ham Schinken
67%
onion rings Zwiebelringe
67%
lollipop Lutscher
64%
saffron Safran
64%
ingredient Zutat
64%
oyster Auster
63%
(to) boil kochen
63%
groceries Lebensmittel
63%
seafruits Meeresfrüchte
63%
raisin Rosine
62%
hard candy Bonbon
60%
blackberry Brombeere
60%
pea Erbse
60%
fig Feige
60%
herbs Kräuter
60%
herbal tea Kräutertee
60%
rice pudding Milchreis
60%
icing sugar Puderzucker
60%
quiche Quiche
60%
beetroot Rote Beete
60%
celery Sellerie
60%
eggplant Aubergine
58%
crème fraîche Crème Fraîche
58%
peperoni Peperoni
58%
brown bread Schwarzbrot /Graubrot /Mischbrot
58%
cottage cheese Hüttenkäse
57%
veal Kalbfleisch
57%
asparagus Spargel
57%
lime Limette
56%
(to) fry frittieren
55%
mashed potatoes Kartoffelpüree / - brei
55%
clove of garlic Knoblauchzehe
54%
dates Datteln
50%
roast duck Entenbraten
50%
minced meat Hackfleisch
50%
kefir Kefir
50%
croquette Krokette
50%
dessert Nachtisch
50%
full-fat milk Vollmilch
50%
white cabbage Weißkohl
45%
sour cream Saure Sahne
44%
stock cubes Suppenwürfel
44%
sweet pepper Paprika
42%
roast chicken Brathähnchen
40%
ready meal Fertiggericht
40%
jelly beans Geleebohnen
40%
cumin Kümmel
40%
horseradish Meerrettich
40%
pitta bread Pittabrot
40%
cream Sahne
40%
cream cheese Frischkäse
38%
radish Rettich
38%
dairy products Milchprodukte
36%
blackcurrant Schwarze Johannisbeere
36%
cauliflower Blumenkohl
33%
brandy Branntwein / Weinbrand
33%
bread rolls Brötchen
33%
licorice Lakritz
33%
kidneys Nieren
33%
protein Eiweiß
30%
porridge Haferbrei
30%
cornflour Maismehl
30%
(to) roast braten
29%
Granolabar Müsliriegel
29%
crumble Streusel
29%
side orders Beilagen
25%
soft drink Erfrischungsgetränk
25%
prawn Garnele
25%
sage Salbei
25%
beansprouts Sojasprossen
25%
leek Lauch / Porree
22%
sirloin steak Lendensteak
22%
chocolates Pralinen
22%
redcurrant Rote Johannisbeere
22%
pork pie Schweinefleischpastete
22%
sparkling wine Sekt
22%
mackerel Makrele
20%
nutmeg Muskat
20%
sprouts Rosenkohl
20%
gooseberry Stachelbeere
20%
scrambled eggs Rühreier
17%
stew Eintopf
14%
poultry Geflügel
14%
marjoram Majoran
14%
spirits Spirituosen
14%
tarragon Estragon
13%
turnip Rübe
13%
semi-skimmed milk Halbfettmilch /teilentrahmt
11%
cod Kabeljau / Dorsch
11%
chives Schnittlauch
9%
sultanas Sultaninen
9%
trout Forelle
8%
currant Johannisbeere
8%
sole Seezunge
8%
French beans Brechbohnen
7%
sponge cake Biscuitkuchen
0%
ale /stout Dunkelbier
0%
(to) steam dünsten
0%
delicatesse Feinkost
0%
skimmed milk fettarme Milch / etrahmt
0%
perch Flussbarsch
0%
meal Gericht
0%
yeast Hefe
0%
cottage cheese Hirtenkäse
0%
persimmon Kaki
0%
carp Karpfen
0%
nibbles Knabberzeug
0%
dumplings Knödel
0%
plantain Kochbanane
0%
swede Kohlrübe
0%
tinned food Konserven
0%
chop Kotelett
0%
cloves Nelke
0%
Danish pastry Plundergebäck
0%
corned beef Pökelfleisch
0%
curd Quark
0%
anchovy Sardelle
0%
plaice Scholle
0%
runner beans Stangenbohnen
0%
pastry Teig
0%
sickly zuckersüß
0%
Keine übereinstimmenden Quizze gefunden
Verteilung der Resultate
Anzahl Personen mit jedem Resultat
Perzentil nach korrekt beantworteten Fragen
Ihre Resultats-Entwicklung
Sie haben dieses Quiz seit der letzten Aktualisierung nicht gespielt